Gen Z Around the World Understanding the Global Cohort Culture of Generation Z

Gespeichert in:
Bibliographische Detailangaben
Weitere Verfasser: Seemiller, Corey, Grace, Meghan
Format: Buch
Sprache:Englisch
Veröffentlicht: Leeds Emerald Publishing 2024
Ausgabe:1st Edition
Schlagworte:
Tags: Tag hinzufügen
Keine Tags, Fügen Sie das erste Tag hinzu!

MARC

LEADER 00000nam a2200000 4500
001 0311338
005 20250812104436.8
020 |a 978-1-83797-092-6 
041 0 |a eng 
044 |a GB 
245 1 0 |a Gen Z Around the World  |b Understanding the Global Cohort Culture of Generation Z  |c Edited by Corey Seemiller and Meghan Grace 
250 |a 1st Edition 
264 1 |a Leeds  |b Emerald Publishing  |c 2024 
300 |a 157 s. 
500 |a Emerald e-books. 
610 2 0 |a generácie 
610 2 0 |a mládež 
610 2 0 |a technológie informačné 
610 2 0 |a komunikácia sociálna 
610 2 0 |a kariéra 
610 2 0 |a zmeny sociálne 
700 1 |a Seemiller, Corey 
700 1 |a Grace, Meghan